MARC details
| 000 -CABECERA |
| campo de control de longitud fija |
01450cam a2200349 a 4500 |
| 001 - NÚMERO DE CONTROL |
| campo de control |
000013222 |
| 005 - FECHA Y HORA DE LA ÚLTIMA TRANSACCIÓN |
| campo de control |
20200929163152.0 |
| 008 - DATOS DE LONGITUD FIJA--INFORMACIÓN GENERAL |
| campo de control de longitud fija |
950822s1994 cu b 000 0 spa d |
| 020 ## - NÚMERO INTERNACIONAL ESTÁNDAR DEL LIBRO |
| Número Internacional Estándar del Libro |
9590400272 |
| 035 ## - NÚMERO DE CONTROL DEL SISTEMA |
| Número de control de sistema |
(DLC) 95194582 |
| 035 ## - NÚMERO DE CONTROL DEL SISTEMA |
| Número de control de sistema |
(OCoLC)32896351 |
| 035 ## - NÚMERO DE CONTROL DEL SISTEMA |
| Número de control de sistema |
(NOTISUF)AKK3311 |
| 040 ## - FUENTE DE LA CATALOGACIÓN |
| Centro catalogador/agencia de origen |
DO-SdBNP |
| Centro/agencia transcriptor |
FU |
| Centro/agencia modificador |
DLC |
| -- |
BNPHU |
| 082 ## - NÚMERO DE LA CLASIFICACIÓN DECIMAL DEWEY |
| Número de clasificación |
333.7980 |
| Número de documento/Ítem |
C355t |
| 049 ## - FONDOS LOCALES (OCLC) |
| Fondos de biblioteca |
BNGR |
| 100 1# - ENTRADA PRINCIPAL--NOMBRE DE PERSONA |
| Nombre de persona |
Castro H., Guillermo, |
| Fechas asociadas al nombre |
1950- |
| 9 (RLIN) |
30345 |
| 245 14 - MENCIÓN DE TÍTULO |
| Título |
Los trabajos de ajuste y combate : |
| Resto del título |
naturaleza y sociedad en la historia de América Latina / |
| Mención de responsabilidad, etc. |
Guillermo Castro Herrera ; Edición de César Ramos. |
| 260 ## - PUBLICACIÓN, DISTRIBUCIÓN, ETC. |
| Lugar de publicación, distribución, etc. |
Ciudad de La Habana : |
| Nombre del editor, distribuidor, etc. |
Casa de las Americas; |
| -- |
Colcultura, |
| Fecha de publicación, distribución, etc. |
1994. |
| 300 ## - DESCRIPCIÓN FÍSICA |
| Extensión |
287 p. ; |
| Dimensiones |
19 cm. |
| 490 1# - MENCIÓN DE SERIE |
| Mención de serie |
Ensayo historico-social |
| 586 ## - NOTA DE PREMIOS |
| Nota de premios |
"Premio Casa de las Américas. 1994" |
| 500 ## - NOTA GENERAL |
| Nota general |
"Este libro es fruto de la colaboración entre el Instituto Colombiano de Cultura (Colcultura) y la Casa de las Américas, de Cuba."-- Verso t.p. |
| 504 ## - NOTA DE BIBLIOGRAFÍA, ETC. |
| Nota de bibliografía, etc. |
Bibliografía: (p. [255]-287). |
| 650 #4 - PUNTO DE ACCESO ADICIONAL DE MATERIA--TÉRMINO DE MATERIA |
| Término de materia o nombre geográfico como elemento de entrada |
Recursos naturales |
| Subdivisión geográfica |
América Latina |
| 9 (RLIN) |
30346 |
| 650 #4 - PUNTO DE ACCESO ADICIONAL DE MATERIA--TÉRMINO DE MATERIA |
| Término de materia o nombre geográfico como elemento de entrada |
Desarrollo económico |
| Subdivisión general |
Aspectos ambientales |
| Subdivisión geográfica |
América Latina |
| 9 (RLIN) |
30347 |
| 650 #4 - PUNTO DE ACCESO ADICIONAL DE MATERIA--TÉRMINO DE MATERIA |
| Término de materia o nombre geográfico como elemento de entrada |
Ecología humana |
| Subdivisión geográfica |
América Latina |
| 9 (RLIN) |
30348 |
| 651 #4 - PUNTO DE ACCESO ADICIONAL DE MATERIA--NOMBRE GEOGRÁFICO |
| Nombre geográfico |
América Latina |
| Subdivisión general |
Historia |
| 9 (RLIN) |
1786 |
| 651 #4 - PUNTO DE ACCESO ADICIONAL DE MATERIA--NOMBRE GEOGRÁFICO |
| Nombre geográfico |
América Latina |
| Subdivisión general |
Condiciones Sociales |
| 9 (RLIN) |
5034 |
| 700 1# - PUNTO DE ACCESO ADICIONAL--NOMBRE DE PERSONA |
| Nombre de persona |
César Ramos, |
| Término indicativo de función/relación |
ed. |
| 9 (RLIN) |
30349 |
| 830 #0 - PUNTO DE ACCESO ADICIONAL DE SERIE-TÍTULO UNIFORME |
| Título uniforme |
Ensayo historico-social. |
| 9 (RLIN) |
26496 |
| 910 ## - DATOS DE OPCIÓN DEL USUARIO (OCLC) |
| Datos de opción del usuario |
Catalogación por copia /LC |